Bir milletin kaderinin değiştiği yer (Record no. 1724)

MARC details
000 -BAŞLIK
Sabit Uzunlukta Kontrol Alanı 00636na a2200229 4500
001 - KONTROL NUMARASI
Denetim Alanı 16588
003 - KONTROL NUMARASI IDENTIFIER
Denetim Alanı MIRAKIL
005 - SON İŞLEM TARİHİ VE ZAMANI
Denetim Alanı 20181213154832.0
008 - SABİT-BOY VERİ ELEMANLARI - GENEL BİLGİLER
Sabit Uzunlukta Kontrol Alanı 161011b tu 000 0
040 ## - KATALOGLAMA KAYNAK
Orijinal Kataloglama Ajansı Milas
Kataloglama Dili tur
Metne Dönüştürmek Ajansı TR-AnCHP
041 ## - DİL KODU
Metin / Ses Parça Veya Ayrı Başlığın Dil Kodu tur
082 ## - DEWEY ONLU SINIFLANDIRMA NUMARASI
Sınıflandırma Numarası 956.51133
Ürün Numarası B66 2005
090 ## - SINIFLAMA NUMARASI
Sınıflama Numarası 956.51133 B66 2005
245 ## - BAŞLIK TABLOSU
Başlık Bir milletin kaderinin değiştiği yer
Başlığın Kalan Haymana
Sorumluluk Tablosu, Vb haz. Meryem Başhan, Serpil Bal
246 ## - UNVAN FORM VARYING
Başlık Doğru / Kısa Başlığı Haymana
260 ## - YAYIN, DAĞITIM, VB
Yayın, Dağıtım, Vb Yeri [Haymana]
Yayıncı, Dağıtıcı, Vs Adı [yayl.y.]
Yayın, Dağıtım, Vb Tarihi 2006
300 ## - FİZİKSEL TANIM
Kapsam [60] s.
Diğer Fiziksel Ayrıntıları fotg.
Boyutlar 27 sm.
651 ## - KONU KATMA GİRİŞ - COĞRAFİ ADI
Coğrafi İsim Haymana (Ankara)
Kronolojik Alt Bölümü Kılavuzlar
700 ## - KATMA GİRİŞ - KİŞİSEL İSİM
Kişisel Ad Bal, Serpil
700 ## - KATMA GİRİŞ - KİŞİSEL İSİM
Kişisel Ad Başhan, Meryem
942 ## - EKLENDİ GİRİŞ ELEMANLARI (KOHA)
Sınıflandırma Veya Raf Düzeni Kaynak Dewey Decimal Classification
Koha Öğesi Türü Books
999 ## - SİSTEM KONTROL NUMARALARI (KOHA)
Koha Biblionumber 1724
Koha Biblioitemnumber 1724
Holdings
Kalıcı Konum Mevcut Konum Edinme Tarihi Edinim Kaynak Toplam Check-Out'Lar Tam Çağrı Numarası Barkod Tarih Son Görülme İtibaren Geçerli Fiyatlar Koha Öğesi Türü
CHP Kütüphanesi CHP Kütüphanesi 10/08/2016 Bağış   956.51133 B66 2005 006576 10/08/2016 10/08/2016 Books